| Tag |
First Indicator |
Second Indicator |
Subfields |
| LEADER |
00000cam a2200000Ia 4500 |
| 001 |
in00002458621 |
| 005 |
20210727085353.0 |
| 006 |
m d |
| 007 |
cr cn||||||||| |
| 008 |
081017s2006 gw a sb 101 0 eng d |
| 020 |
|
|
|a 3540356398
|
| 020 |
|
|
|a 9783540356394
|
| 029 |
1 |
|
|a AU@
|b 000042372568
|
| 035 |
|
|
|a (OCoLC)262693796
|
| 035 |
|
|
|a (OCoLC)ocn262693796
|
| 035 |
|
|
|a 3073482
|
| 037 |
|
|
|a 978-3-540-35638-7
|b Springer
|n http://www.springerlink.com
|
| 040 |
|
|
|a GW5XE
|b eng
|c GW5XE
|d OCLCA
|d UtOrBLW
|
| 049 |
|
|
|a TEFA
|
| 050 |
1 |
4 |
|a T385
|b .C583 2006eb
|
| 072 |
|
7 |
|a T
|2 lcco
|
| 082 |
0 |
4 |
|a 006.6
|2 22
|
| 111 |
2 |
|
|a Computer Graphics International
|n (24th :
|d 2006 :
|c Hangzhou, China)
|
| 245 |
1 |
0 |
|a Advances in computer graphics :
|b 24th Computer Graphics International Conference, CGI 2006, Hangzhou, China, June 26-28, 2006 : proceedings /
|c Tomoyuki Nishita, Qunsheng Peng, Hans-Peter Seidel (eds.).
|
| 246 |
3 |
0 |
|a 24th Computer Graphics International Conference
|
| 246 |
3 |
0 |
|a CGI 2006
|
| 246 |
3 |
|
|a Twenty-fourth Computer Graphics International Conference
|
| 264 |
|
1 |
|a Berlin ;
|a New York :
|b Springer,
|c 2006.
|
| 300 |
|
|
|a xix, 771 pages :
|b illustrations ;
|c 24 cm.
|
| 336 |
|
|
|a text
|b txt
|2 rdacontent
|
| 337 |
|
|
|a computer
|b c
|2 rdamedia
|
| 338 |
|
|
|a online resource
|b cr
|2 rdacarrier
|
| 490 |
1 |
|
|a Lecture notes in computer science,
|x 0302-9743 ;
|v 4035
|
| 500 |
|
|
|a Electronic resource.
|
| 504 |
|
|
|a Includes bibliographical references and index.
|
| 533 |
|
|
|a Electronic reproduction.
|b New York :
|c Springer,
|d 2008.
|n Mode of access: World Wide Web.
|n System requirements: Web browser.
|n Title from title screen (viewed on Oct. 10, 2008).
|n Access may be restricted to users at subscribing institutions.
|
| 650 |
|
0 |
|a Computer animation
|v Congresses.
|0 http://id.loc.gov/authorities/subjects/sh2009121172
|
| 650 |
|
0 |
|a Computer graphics
|v Congresses.
|0 http://id.loc.gov/authorities/subjects/sh2008100018
|
| 650 |
|
6 |
|a Animation par ordinateur
|v Congrès.
|
| 650 |
|
6 |
|a Infographie
|v Congrès.
|
| 655 |
|
7 |
|a Electronic books.
|2 local
|
| 700 |
1 |
|
|a Nishita, Tomoyuki.
|0 http://id.loc.gov/authorities/names/nb2006017668
|
| 700 |
1 |
|
|a Peng, Qunsheng.
|0 http://id.loc.gov/authorities/names/no2003085259
|
| 700 |
1 |
|
|a Seidel, Hans-Peter,
|d 1958-
|0 http://id.loc.gov/authorities/names/n88234524
|
| 710 |
2 |
|
|a SpringerLink (Online service)
|0 http://id.loc.gov/authorities/names/no2005046756
|
| 776 |
1 |
|
|c Original
|z 354035638X
|z 9783540356387
|w (DLC) 2006927817
|w (OCoLC)70249532
|
| 830 |
|
0 |
|a Lecture notes in computer science.
|x 0302-9743 ;
|v 4035.
|0 http://id.loc.gov/authorities/names/n42015162
|
| 856 |
4 |
0 |
|u http://proxy.library.tamu.edu/login?url=https://dx.doi.org/10.1007/11784203
|z Connect to the full text of this electronic book
|t 0
|
| 994 |
|
|
|a C0
|b TEF
|
| 999 |
|
|
|a MARS
|
| 999 |
f |
f |
|s dd009891-ffc3-3d6a-a8f7-572012112655
|i 02608e1b-2cec-37f0-910b-04e1137a234f
|t 0
|
| 952 |
f |
f |
|a Texas A&M University
|b College Station
|c Electronic Resources
|d Available Online
|t 0
|e T385 .C583 2006eb
|h Library of Congress classification
|
| 998 |
f |
f |
|a T385 .C583 2006eb
|t 0
|l Available Online
|